000 00657nam a2200181 i 4500
001 98692
003 ES-MaACL
005 20230907142610.0
007 t|
008 051020s1855 sp ||||1| spa d
100 1 _aCamprodón, Francisco.
_934301
245 1 0 _aMarina
_b: zarzuela en dos actos, en verso, original /
_cde Francisco Camprodón ; música de Emilio Arrieta.
260 _aMadrid :
_b[s.n.],
_c1855 (
_fImpr. de José Rodríguez)
300 _a61 p. ;
_c19 cm.
700 1 _aArrieta, Emilio,
_d1821-1894
_9224497
852 _aES-MaACL
_jD-2993(5)
_q. - Encuadernado con otras obras
_z.- Legado M. La Fuente
999 _c98692
_d98692